000 00489nam a2200181Ia 4500
005 20250508160639.0
008 008 250505s9999 xx 000 0 eng d
037 _aTextual
040 _aFEDL
_beng
_cFEDL
041 _aeng
_2eng
084 _a294.592, PAR
_qFEDL
100 _aParadkar M. D.
245 0 _aStudies in the Gita
260 _aBombay, India
_bPopular Prakashan
_c1970
300 _axv,410p.
942 _cTEXL
_h294.592, PAR
999 _c1365814
_d1365814